Vijay mukhis unix shells : (Record no. 182496)
[ view plain ]
| 000 -LEADER | |
|---|---|
| fixed length control field | 00735nam a2200241Ia 4500 |
| 003 - CONTROL NUMBER IDENTIFIER | |
| control field | OSt |
| 005 - DATE AND TIME OF LATEST TRANSACTION | |
| control field | 20230726142400.0 |
| 008 - FIXED-LENGTH DATA ELEMENTS--GENERAL INFORMATION | |
| fixed length control field | 210716s1992 xx 000 0 und d |
| 040 ## - CATALOGING SOURCE | |
| Transcribing agency | AIMIT LIBRARY |
| 041 ## - LANGUAGE CODE | |
| Language code of text/sound track or separate title | eng |
| 082 ## - DEWEY DECIMAL CLASSIFICATION NUMBER | |
| Classification number | 005.43 |
| Edition number | 1 |
| Item number | UNAC |
| 100 ## - MAIN ENTRY--PERSONAL NAME | |
| Personal name | Unadkat, Chirag. |
| 9 (RLIN) | 128299 |
| 245 ## - TITLE STATEMENT | |
| Title | Vijay mukhis unix shells : |
| Remainder of title | bourne korn c / |
| Statement of responsibility, etc. | By Chirag Unadkat ; JItendra Parmar and Rajesh Pradhan. |
| 250 ## - EDITION STATEMENT | |
| Edition statement | 1st ed. |
| 260 ## - PUBLICATION, DISTRIBUTION, ETC. | |
| Place of publication, distribution, etc. | New Delhi : |
| Name of publisher, distributor, etc. | BPB Publications , |
| Date of publication, distribution, etc. | 1992. |
| 300 ## - PHYSICAL DESCRIPTION | |
| Extent | 500 p.; |
| Other physical details | PB |
| Dimensions | 23 cm. |
| 650 ## - SUBJECT ADDED ENTRY--TOPICAL TERM | |
| Topical term or geographic name entry element | Bourne shell |
| 9 (RLIN) | 128300 |
| 650 ## - SUBJECT ADDED ENTRY--TOPICAL TERM | |
| Topical term or geographic name entry element | Korn shell |
| 9 (RLIN) | 128301 |
| 650 ## - SUBJECT ADDED ENTRY--TOPICAL TERM | |
| Topical term or geographic name entry element | C shell |
| 9 (RLIN) | 128302 |
| 700 ## - ADDED ENTRY--PERSONAL NAME | |
| Personal name | Parmar, Jitendra. |
| 9 (RLIN) | 128303 |
| 700 ## - ADDED ENTRY--PERSONAL NAME | |
| Personal name | Pradhan, Rajesh. |
| 9 (RLIN) | 128304 |
| 942 ## - ADDED ENTRY ELEMENTS (KOHA) | |
| Source of classification or shelving scheme | Dewey Decimal Classification |
| Koha item type | Book |
| Call number prefix | 005.43 UNAC |
| Withdrawn status | Lost status | Damaged status | Not for loan | Collection code | Home library | Current library | Date acquired | Cost, normal purchase price | Total Checkouts | Full call number | Barcode | Date last seen | Cost, replacement price | Price effective from | Koha item type |
|---|---|---|---|---|---|---|---|---|---|---|---|---|---|---|---|
| MCA | St Aloysius Institute of Management & Information Technology | St Aloysius Institute of Management & Information Technology | 07/16/2021 | 150.00 | 005.43 UNAC | MCA02004 | 05/23/2026 | 150.00 | 07/16/2021 | Book |